The birth of city planning in the United States, 1840-1917 /

Bibliographic Details
Main Author: Peterson, Jon A.
Format: Book
Language:English
Published: Baltimore : Johns Hopkins University Press, 2003.
Series:Creating the North American landscape.
Subjects:

MARC

Tag First Indicator Second Indicator Subfields
LEADER 00000cam a22000004a 4500
001 in00001780903
005 20151025112921.0
008 020625s2003 mduab b 001 0 eng
010 |a  2002009870 
020 |a 0801872103 (perm. paper) 
035 |a (OCoLC)ocm50080038 
040 |a DLC  |c DLC  |d TXA  |d UtOrBLW 
042 |a pcc 
043 |a n-us--- 
049 |a TXAM 
050 0 0 |a HT167  |b .P47 2003 
082 0 0 |a 307.76/0973  |2 21 
100 1 |a Peterson, Jon A. 
245 1 4 |a The birth of city planning in the United States, 1840-1917 /  |c Jon A. Peterson. 
264 1 |a Baltimore :  |b Johns Hopkins University Press,  |c 2003. 
300 |a xxi, 431 pages :  |b illustrations, maps ;  |c 26 cm. 
336 |a text  |b txt  |2 rdacontent 
337 |a unmediated  |b n  |2 rdamedia 
338 |a volume  |b nc  |2 rdacarrier 
490 1 |a Creating the North American landscape 
504 |a Includes bibliographical references (pages 341-416) and index. 
505 0 |a Introduction : urban planning in the American past -- Sanitary reform and landscape values, 1840-1890 -- Civic art, 1890-1900 -- The nation's first comprehensive city plan, 1900-1902 -- The origins of the city beautiful, 1897-1902 -- The birth of the city planning ideal, 1902-1903 -- The new planning ideal and the public interest, 1902-1904 -- The outburst of great civic schemes, 1902-1905 -- City beautiful planning : dreams and reality, 1905-1909 -- City beautiful planning : a transitional art, 1905-1909 -- The social progressive challenge, 1909 -- The birth of city planning, 1909-1910 -- An elusive quest, 1911-1917 -- Opportunistic interventionism, 1911-1917 -- Epilogue : American urban planning as a fragmented art. 
650 0 |a City planning  |z United States  |x History. 
650 0 |a Cities and towns  |z United States  |x History. 
651 0 |a United States  |x Social conditions  |y 1865-1918. 
830 0 |a Creating the North American landscape. 
948 |a cataloged  |b h  |c 2003/10/23  |d c  |e dmitchel  |f 12:36:18 pm 
994 |a E0  |b TXA 
999 |a MARS 
999 f f |s f47d9733-7f91-3059-832f-5299e6ad0aea  |i 3c5a72e8-ef8d-3718-bc5b-1af1d468662f  |t 0 
952 f f |p ric  |a Texas A&M University  |b Rellis Campus  |c Joint Library Facility  |d Remote Storage  |t 0  |e HT167 .P47 2003  |h Library of Congress classification  |i unmediated -- volume  |m A14830738761 
998 f f |a HT167 .P47 2003  |t 0  |l Remote Storage